000 00341nam a2200121Ia 4500
008 220615s9999||||xx |||||||||||||| ||und||
245 0 _aOrganochlorine
546 _aEnglish[eng]
650 _aOrganic chemistry
700 _aNuro, Aurel
856 _uhttps://mts.intechopen.com/storage/books/7265/authors_book/authors_book.pdf
942 _cEB
999 _c16675
_d16675